Presidents of India by Picture - Statistics

General Stats
  • This quiz has been taken 50 times
  • The average score is 13 of 17
Answer Stats
Picture Hint Answer % Correct
1950-1962 Rajendra Prasad
97%
2002-2007 A. P. J. Abdul Kalam
95%
2022-Present Droupadi Murmu
92%
1982-1987 Zail Singh
92%
2007-2012 Pratibha Patil
87%
1969 | 1969-1974 V. V. Giri
87%
2012-2017 Pranab Mukherjee
84%
1997-2002 K. R. Narayanan
82%
1962-1967 Sarvepalli Radhakrishnan
82%
2017-2022 Ram Nath Kovind
79%
1974-1977 Fakhruddin Ali Ahmed
74%
1977-1982 Neelam Sanjiva Reddy
74%
1992-1997 Shankar Dayal Sharma
74%
1977 B. D. Jatti
66%
1967-1969 Zakir Husain
66%
1987-1992 Ramaswamy Venkataraman
61%
1969 Mohammad Hidayatullah
55%
No matching quizzes found
Score Distribution
Percent of People with Each Score
Percentile by Number Answered
Your Score History
You have not taken this quiz